| 000 | 00715cam a2200193 i 4500 | ||
|---|---|---|---|
| 005 | 20251218101114.0 | ||
| 008 | 250721s2006 ua gr 000 0 ara d | ||
| 020 | _a9772902745 | ||
| 082 | 1 | 4 |
_a217.8 _bه ل ا |
| 100 | 1 |
_aهلالي، سعد الدين مسعد _eمؤلف. |
|
| 245 | 1 | 0 |
_aأحكام تحنيط الموتى وتكفينهم و تشييعهم / _cتأليف الدكتور سعد الدين مسعد هلالي. |
| 264 | 3 | 1 |
_aالمنصورة : _bمكتبة الإيمان للنشر والتوزيع، _c2006. |
| 300 | _a520 صفحه. | ||
| 650 | 1 | 7 | _aالفتاوى. |
| 650 | 1 | 7 | _aالأحكام الشرعية. |
| 653 | _aالموت | ||
| 942 |
_2ddc _cBK |
||
| 999 |
_c101188 _d101188 |
||